000 00556nam a2200181Ia 4500
008 100917s9999 xx 000 0 und d
082 _b58215
100 _aदेवगिरीकर त्र्यंबक रघुनाथ
245 _aघटना परिषद
260 _bचित्रशाळा प्रकाशन
_c1946
300 _a127
365 _b3
520 _aइतिहास
630 _aघटना परिषद
650 _aइतिहास
730 _aघटना परिषद
942 _cBOOK
999 _c663609
_d663606